000 00938nas a2200313 4500
001 BR8901332
003 BR-BrBNA
005 20231205091502.0
007 ta
008 230509b bl.|||p| |||| 00| 00por d
040 _aBR-BrBNA
_bpor
_cBiblioteca Nacional de Agricultura
041 _a(Pt)
072 _aQ02; S01
100 1 _aEl-Dash, A.
100 1 _aChang, Y.K.
100 1 _aCampos, J.E.
100 1 _aMazzari, M.R.
245 1 _aTecnologia de producao de farinha de sorgo para alimentacao humana
650 _aSORGO
650 _aFARINHA
650 _aMOAGEM
650 _aDESCORTICAMENTO
650 _aDESCASCAMENTO
650 _aTECNOLOGIA DE ALIMENTO
650 _aNUTRICAO HUMANA
773 0 _tInforme Agropecuario - Empresa de Pesquisa Agropecuaria de Minas Gerais (Brazil)
_xISSN 0100-3364
_g(Dec 1986), v. 12(144) p. 6-10
_wBR8901332
909 _a202311
_bLúcia
_c55
_dLúcia Elande
942 _2AGRIS
_n0
_cANA
999 _c125405
_d125405